[Event "Estonian-ch Open 2020"]
[Site "Paul Kerese Malemaja"]
[Date "2020.08.08"]
[Round "1.1"]
[White "Haitin, Ilja"]
[Black "Volodin, Aleksandr"]
[Result "1-0"]
[WhiteElo "2357"]
[BlackElo "2497"]
[Annotator "TA"]
[PlyCount "55"]
[EventDate "2020.08.09"]
[EventCountry "EST"]
[SourceTitle "playchess.com"]
[Source "ChessBase"]
[SourceQuality "1"]

{[%evp 16,55,20,20,21,13,16,21,62,33,21,35,27,0,2,0,0,-18,-16,-41,-46,-82,-56,-84,-75,-24,0,0,0,0,29971,29975,29993,494,29994,492,464,0,29994,29995,29995,29996]} 1. d4 d5 2. Bf4 Nf6 3. e3 c5 4. c3 Nc6 5. Nd2 e6 6. Ngf3 Bd6 7. Bg3 Bxg3 8. hxg3 Qd6 9. Bb5 Bd7 {D02: 1 d4 d5 2 Nf3 sidelines, including 2...Nf6 3 g3 and 2...Nf6 3 Bf4.} 10. Bxc6 Bxc6 11. Ne5 Rc8 {The position is equal.} 12. Qf3 {[#]} Qe7 $146 ({Predecessor:} 12... h6 13. g4 Rf8 14. Qg3 Nd7 15. g5 hxg5 16. Qxg5 g6 17. Ndf3 Qe7 18. Qxe7+ Kxe7 {1-0 (46) Orso,M (2386)-Kekki,P (2289) Helsinki 2001}) 13. Qf4 Nd7 14. Ndf3 Nxe5 15. Nxe5 O-O 16. O-O-O Ba4 {Hoping for ...f6.} 17. Rde1 f6 18. Nf3 (18. Qh4 $2 g5 $19) 18... Be8 19. e4 $1 {[%cal Re4d5]} cxd4 $1 20. Nxd4 e5 21. Nf5 $1 $36 {[%cal Rf5e7][%mdl 2048] Black is under pressure.} ({Avoid the trap} 21. exd5 $2 Rxc3+ $3 {[%mdl 512]} 22. Kb1 Bg6+ 23. Ka1 Qd7 $19) 21... Qc7 (21... exf4 $2 {loses.} 22. Nxe7+ Kf7 23. Nxc8 $18) 22. Qg4 {And now Nxg7! would win.} Bc6 $2 {[%mdl 8192]} (22... d4 $11) 23. Rxh7 ({Weaker is} 23. exd5 Bxd5 24. Rh2 g6 $16) 23... Kxh7 24. Rh1+ Kg8 {[#]} 25. Nh6+ (25. Qg6 $142 $1 {[%mdl 512]} Rfd8 {[#]} 26. Rh7 $1 {[%mdl 512]} Rd7 27. Qh5 g6 28. Qxg6+ {[%mdl 64] Double Attack} Rg7 29. Rxg7+ Kh8 30. Qh7#) 25... Kh7 $18 26. Nf5+ (26. Qf5+ $18 g6 27. Qg4) 26... Kg8 {[#]} 27. Qg6 $1 {[%mdl 512]} Rfd8 {[#]} 28. Rh7 $1 {[%mdl 512] Accuracy: White = 78%, Black = 88%.} 1-0

[Event "Estonian-ch Open 2020"]
[Site "Paul Kerese Malemaja"]
[Date "2020.08.08"]
[Round "1.2"]
[White "Shishkov, Andrei"]
[Black "Vorobjov, Pavel"]
[Result "1-0"]
[WhiteElo "2390"]
[BlackElo "2269"]
[Annotator "TA"]
[PlyCount "59"]
[EventDate "2020.08.09"]
[EventCountry "EST"]
[SourceTitle "playchess.com"]
[Source "ChessBase"]
[SourceQuality "1"]

{[%evp 14,59,21,16,18,19,28,26,18,22,27,31,45,39,46,10,4,0,0,-26,10,11,15,10,11,6,16,0,0,0,0,0,41,0,0,0,0,0,0,0,233,0,206,206,679,203,29998,29999]} 1. d4 g6 2. e4 Bg7 3. Nf3 d6 4. Bc4 Nf6 5. Qe2 O-O 6. e5 dxe5 7. dxe5 Nd5 8. O-O Bg4 {B06: Modern Defence.} 9. Nbd2 Nb6 10. h3 Nxc4 {White has an edge.} 11. hxg4 Nxd2 12. Bxd2 Nc6 {[%cal Bb8c6,Bc6d8,Bd8e6][%mdl 32]} 13. Bc3 Qd5 {[#]} 14. b4 $146 {[%cal Bb2b4,Bb4b5][%mdl 32]} ({Predecessor:} 14. Rfd1 Qc5 15. Rd7 Rad8 16. Rad1 e6 17. a3 Rxd7 18. Rxd7 Nb8 19. Bb4 Qb6 20. Bxf8 Nxd7 21. Bxg7 Kxg7 {1-0 (41) Hernandez Carmenates,H (2473)-Arencibia Rodriguez,W (2516) Merida 2004}) 14... Nd8 15. Rfd1 Qc6 16. Bd4 Ne6 17. b5 Qe8 18. a4 a6 19. c4 c6 20. b6 c5 21. Bc3 Qc6 22. a5 Rfd8 23. Rxd8+ Rxd8 24. Rd1 Rxd1+ 25. Qxd1 Qe4 26. Qd7 Nf4 $2 (26... Qxc4 $11 {and Black is okay.} 27. Qxb7 Qxc3 {[%mdl 64] Double Attack} 28. Qc8+ Bf8) 27. Qc8+ Bf8 {Strongly threatening ...Ne2+.} 28. Bd2 {aiming for Bxf4.} Ne2+ $2 (28... Qb1+ 29. Kh2 Qe4) 29. Kh2 $2 (29. Kh1 {Threatening mate with Bh6.} Qb1+ {[#]} 30. Kh2 $1 {[%mdl 512]}) 29... Kg7 $2 {[#]} (29... Nf4 $18 30. Be3 (30. Qxc5 Nd3 $16) 30... h6 31. Qxc5 e6) 30. Bh6+ $1 {[%mdl 576] Decoy. Accuracy: White = 71%, Black = 58%.} 1-0

[Event "Estonian-ch Open 2020"]
[Site "Paul Kerese Malemaja"]
[Date "2020.08.08"]
[Round "1.3"]
[White "Seeman, Tarvo"]
[Black "Kanep, Meelis"]
[Result "1/2-1/2"]
[WhiteElo "2415"]
[BlackElo "2465"]
[Annotator "TA"]
[PlyCount "35"]
[EventDate "2020.08.09"]
[EventCountry "EST"]
[SourceTitle "playchess.com"]
[Source "ChessBase"]
[SourceQuality "1"]

{[%evp 14,22,0,12,6,4,0,0,-4,-6,-16]} 1. c4 e6 2. g3 d5 3. Bg2 d4 4. Nf3 c5 5. O-O Nc6 6. e3 Nf6 7. exd4 cxd4 8. d3 {The position is equal.} Bd6 {A13: English Opening: 1...e6.} 9. Na3 O-O 10. Re1 h6 11. Bd2 Re8 {[#] Not much happened in this game.} {Predecessor:} 12. Nb5 $146 Bb8 13. b4 e5 14. Na3 a5 15. b5 Nb4 16. Bxb4 axb4 17. Nc2 Bd6 18. Nd2 {½-½ (36) Zlotkowski,A (2375)-Sergeev,V (2451) ICCF email 2014} 1/2-1/2

[Event "Estonian-ch Open 2020"]
[Site "Paul Kerese Malemaja"]
[Date "2020.08.08"]
[Round "1.4"]
[White "Chukavin, Kirill"]
[Black "Kulaots, Kaido"]
[Result "1/2-1/2"]
[WhiteElo "2348"]
[BlackElo "2524"]
[Annotator "TA"]
[PlyCount "137"]
[EventDate "2020.08.09"]
[EventCountry "EST"]
[SourceTitle "playchess.com"]
[Source "ChessBase"]
[SourceQuality "1"]

{[%evp 11,136,-8,-8,-4,-4,-3,9,8,54,54,54,55,52,38,53,49,61,19,19,-9,-15,-11,0,0,0,-69,-54,-79,-14,-53,-55,-56,-54,-57,-57,-112,-111,-96,-95,-112,0,-58,0,0,0,0,0,-537,0,0,0,0,0,0,0,0,0,-30,-5,-87,-42,-43,-51,-50,-50,-37,-42,-44,-44,-39,-52,-47,-32,-32,-31,-37,-31,-23,-23,-157,-21,-22,-8,-8,-8,-8,-8,-8,-8,-8,-8,-8,-8,-13,-8,-8,-8,-8,-8,-8,-8,-8,-8,-8,-8,-8,-8,-8,-8,-8,-8,-8,-8,-8,0,-8,0,0,0,0,0,0,0,0,0,0,0]} 1. e4 c5 2. Nc3 d6 3. f4 g6 4. Nf3 Bg7 5. Bc4 Nc6 6. O-O e6 7. d4 $1 {[%mdl 4] is now more promising than 7.d3. B23: Closed Sicilian: Lines without g3.} cxd4 8. Nb5 Na5 {[#]} 9. Be2 $146 ({Predecessor:} 9. Bd3 e5 10. b4 Nc6 11. Bc4 Nf6 12. c3 a6 13. Ng5 axb5 14. Bxf7+ Ke7 15. cxd4 Nxd4 {½-½ (33) Nepomniachtchi,I (2775)-Giri,A (2779) Paris 2019}) 9... e5 10. fxe5 dxe5 11. Nfxd4 $1 Nf6 12. Nb3 $1 Qb6+ 13. Kh1 {Threatens to win with Be3!} O-O 14. Nxa5 Qxa5 15. Bd2 Qb6 $36 {[%mdl 2048] Black has the initiative.} 16. Bb4 Rd8 17. Qe1 {Black must now prevent Ba5.} Rd7 $1 18. Ba5 (18. b3 $11) 18... Qc6 $1 $15 19. Nc3 {[#] White wants to play Bb5.} a6 (19... Qc5 $1 $17 {[%cal Rc5a5]} 20. Bb5 Rd4) 20. Qf2 Nxe4 21. Nxe4 Qxe4 22. Rad1 {[#]} Qf5 $1 {[%mdl 512]} 23. Qb6 ({White should play} 23. Rxd7 $15 Bxd7 24. Bc4) (23. Qxf5 gxf5) 23... Qxc2 $17 24. Rxd7 Bxd7 25. Qxb7 Bc6 (25... Rf8 $17 26. Re1 Be6) 26. Qxf7+ $11 Kh8 27. Qc4 Qxc4 28. Bxc4 Bb5 29. Be2 $2 {[%mdl 8192]} (29. Bd5 $11) 29... Bc6 $2 (29... Bxe2 $19 30. Rf2 Bd3) 30. Bc4 Bb5 31. Bd5 Rc8 32. Re1 Rc2 33. Bc3 e4 34. Bxg7+ Kxg7 {[%mdl 4096] Endgame KRB-KRB} 35. h3 (35. Kg1 $11) 35... Rxb2 36. Rxe4 Rd2 37. Re7+ Kf6 38. Rf7+ $1 Ke5 39. Bb3 Bc6 {...h5 is the strong threat.} 40. Rxh7 Bxg2+ 41. Kg1 Kf4 42. Rh4+ Ke3 43. Rg4 Be4 44. Rg3+ Kf4 45. Rc3 (45. Rg4+ $11 Kf3 46. Rg5) 45... g5 (45... Rg2+ $17 46. Kf1 Rg3 47. Rxg3 Kxg3) 46. Bc4 {The position is equal.} a5 {Hoping for ...Rg2+.} 47. Ra3 Rc2 48. Bf1 Rc5 49. Kf2 Bd5 {aiming for ...Rc2+.} 50. Be2 Be6 51. Ra4+ Ke5 52. Kg3 Bd7 53. Rc4 Rxc4 54. Bxc4 {KB-KB} a4 55. h4 Kd4 56. Bf7 gxh4+ 57. Kxh4 a3 58. Kg3 Ke3 59. Bg8 Bc6 60. Bf7 Be4 61. Be6 Bb1 62. Bf7 Kd2 63. Kf2 Kc2 {( -> ...Kb2)} 64. Ke1 Kb2 65. Kd2 Bxa2 66. Bxa2 Kxa2 67. Kc2 Ka1 68. Kc1 a2 (68... Ka2 $5) 69. Kc2 {Accuracy: White = 80%, Black = 82%.} 1/2-1/2

[Event "Estonian-ch Open 2020"]
[Site "Paul Kerese Malemaja"]
[Date "2020.08.08"]
[Round "1.5"]
[White "Sepp, Olav"]
[Black "Kiik, Kalle"]
[Result "1/2-1/2"]
[WhiteElo "2410"]
[BlackElo "2386"]
[Annotator "TA"]
[PlyCount "53"]
[EventDate "2020.08.09"]
[EventCountry "EST"]
[SourceTitle "playchess.com"]
[Source "ChessBase"]
[SourceQuality "1"]

{[%evp 12,53,8,0,0,0,0,0,0,0,0,0,19,0,4,0,8,0,0,0,0,0,0,0,0,0,0,-2,0,-107,-88,-82,-75,-60,-70,-66,-42,-39,-8,-13,-3,-16,47,64]} 1. Nf3 d5 2. g3 g6 3. Bg2 Bg7 4. d4 c6 5. O-O Nf6 6. Bf4 O-O 7. Qc1 Bg4 {D02: 1 d4 d5 2 Nf3 sidelines, including 2...Nf6 3 g3 and 2...Nf6 3 Bf4.} 8. h3 Bxf3 9. Bxf3 Nbd7 {The position is equal.} 10. Rd1 Re8 11. c4 {[#]} Nb6 $146 ({Predecessor:} 11... Qb6 12. Bg2 e5 13. dxe5 Nxe5 14. c5 Qa5 15. Nd2 Rad8 16. Nb3 Qc7 17. Nd4 Nh5 {½-½ (63) Dragicevic,D (2294)-Leenhouts,K (2415) Stockholm 2020}) 12. cxd5 cxd5 13. Nc3 Rc8 14. Qc2 Qd7 15. Kg2 Rc6 16. Rac1 Rec8 17. Qb1 e6 18. e3 Bf8 19. Be5 Ne8 {Strongly threatening ...f6.} 20. e4 {[#]} (20. Bf4 $11 {remains equal.}) 20... Bh6 $1 $17 21. Rc2 f6 22. Bf4 Bxf4 23. gxf4 Ng7 24. Re2 Qd6 25. f5 gxf5 26. exd5 exd5 (26... Nxd5 $11 27. Bxd5 exd5) 27. Rde1 {Accuracy: White = 95%, Black = 87%.} 1/2-1/2

[Event "Estonian-ch Open 2020"]
[Site "Paul Kerese Malemaja"]
[Date "2020.08.09"]
[Round "2.1"]
[White "Volodin, Aleksandr"]
[Black "Kiik, Kalle"]
[Result "1/2-1/2"]
[WhiteElo "2497"]
[BlackElo "2386"]
[Annotator "TA"]
[PlyCount "108"]
[EventDate "2020.08.09"]
[EventCountry "EST"]
[SourceTitle "playchess.com"]
[Source "ChessBase"]
[SourceQuality "1"]

{[%evp 9,108,3,2,-1,5,-12,-3,0,7,-11,0,-1,0,0,0,-2,0,0,52,0,0,-23,-27,0,0,0,-2,-42,-48,-48,-45,-74,22,-4,30,19,28,0,0,0,0,-31,-27,-41,-22,-45,-30,-35,0,-102,0,0,0,0,60,49,45,48,56,0,33,0,0,0,0,-31,82,108,93,88,105,117,153,143,144,98,93,92,91,87,275,61,53,0,0,0,0,0,0,0,0,-46,-50,-46,0,0,0,-35,0,0,0]} 1. d4 d5 2. c4 dxc4 3. Nf3 a6 4. a4 Nc6 5. e3 e5 6. Bxc4 {D21: Queen's Gambit Accepted: 3 Nf3 sidelines.} e4 7. Nfd2 Qg5 8. Nxe4 Qxg2 {[%mdl 64] Double Attack} 9. Ng3 Nf6 {Threatening ...Bg4.} 10. Bf1 $1 {[%cal Rf1g2]} Qd5 11. Nc3 Bb4 12. Bd2 Qa5 13. Bg2 Bd7 {[#]} (13... Bg4 $11 14. Qc2 O-O) 14. O-O $146 (14. Nce4 $14) ({Predecessor:} 14. Nge4 O-O-O 15. Nxf6 gxf6 16. Nd5 Rhg8 17. Bf3 Be6 18. Nxb4 Nxb4 19. Bxb4 Qxb4+ 20. Qd2 {0-1 (54) Rajesh,V (2298)-Huschenbeth,N (2596) Bastia 2017}) 14... h5 $1 $11 15. Nge4 O-O-O 16. Rc1 h4 17. h3 $1 Kb8 18. Kh2 Ne7 19. b3 Bc6 20. Rg1 Nh5 (20... Qf5 $17 21. f3 Nxe4 22. Nxe4 Bxd2 23. Qxd2 Rhe8) 21. Bf3 g6 22. Na2 Bxd2 23. Nxd2 (23. Rc5 {with more complications.} Qb6 24. Nxd2 Bd5 25. Nc3 Qd6+ 26. Kg2) 23... Bxf3 24. Nxf3 f6 25. Qc2 c6 26. Nc3 Qc7+ 27. Kh1 g5 28. Qe4 Qd6 29. Rb1 {[#]} (29. b4 $11 {keeps the balance.}) 29... Ng7 ({Black should try} 29... Rde8 $1 $17 {Strongly threatening ...Nd5.} 30. Qg4 Nd5 31. Nxd5 Qxd5) 30. b4 Qd7 31. Qg4 Ne6 (31... Qxg4 $11 32. Rxg4 Rc8) 32. b5 $14 cxb5 33. axb5 a5 34. Na4 (34. b6 $1 $14) 34... Qd6 35. Rbc1 Rc8 36. Qe4 Rhe8 37. Nb2 f5 (37... Nc7 $15 {stays ahead.}) 38. Qe5 $16 Qxe5 39. Nxe5 Rxc1 40. Rxc1 {Black must now prevent Nd7+.} Rc8 41. Nbc4 Nd5 42. Ra1 b6 43. Nc6+ Kc7 44. Rc1 a4 $2 {[#]} (44... Nd8 $16 {keeps fighting.}) 45. f3 $2 (45. N4e5 $1 $18 Kb7 46. Nf7) 45... Ra8 $14 46. e4 (46. N6e5 $1 $14) 46... fxe4 $1 $11 47. fxe4 Ndf4 48. d5 Nc5 49. d6+ Kb7 50. e5 a3 {[#]} 51. N4a5+ $1 {[%mdl 512]} Kc8 {Hoping for ...a2.} (51... Rxa5 52. Nxa5+) 52. Nc4 Kb7 {[#] Threatens to win with ...a2.} 53. N4a5+ $1 {[%mdl 512]} Kc8 {And now ...a2 would win.} (53... Rxa5 54. Nxa5+) 54. Nc4 Kb7 {Accuracy: White = 67%, Black = 71%.} 1/2-1/2

[Event "Estonian-ch Open 2020"]
[Site "Paul Kerese Malemaja"]
[Date "2020.08.09"]
[Round "2.2"]
[White "Kulaots, Kaido"]
[Black "Sepp, Olav"]
[Result "1-0"]
[WhiteElo "2524"]
[BlackElo "2410"]
[Annotator "TA"]
[PlyCount "71"]
[EventDate "2020.08.09"]
[EventCountry "EST"]
[SourceTitle "playchess.com"]
[Source "ChessBase"]
[SourceQuality "1"]

{[%evp 10,71,24,20,19,17,28,22,29,25,31,28,51,30,37,10,21,20,48,31,62,70,112,90,99,101,100,73,108,110,197,135,209,200,205,191,375,366,345,188,416,221,292,270,503,438,441,442,613,634,635,615,797,796,746,750,1175,1173,1327,1308,1297,1267,1295,1289]} 1. e4 e5 2. Nf3 Nc6 3. Bc4 Nf6 4. d3 Bc5 5. c3 d6 6. O-O a5 {C54: Giuoco Piano: 4 c3 Nf6, main lines with 5 d4 and 5 d3.} 7. Re1 O-O 8. Bg5 h6 {The position is equal.} 9. Bh4 g5 10. Bg3 Bb6 11. Na3 {[#]} Bg4 $146 ({Predecessor:} 11... Nh7 12. Nd2 g4 13. Bb3 h5 14. h4 Ne7 15. Ndc4 Ba7 16. d4 a4 17. Bc2 f6 {½-½ (67) Brodsky,D (2415)-Sargsyan,S (2463) Konya 2018}) 12. h3 Bh5 13. Bb5 Na7 14. Ba4 c6 15. Nc4 Bc7 {White must now prevent ...b5. Black is on the road to losing.} 16. Bc2 Nc8 17. Ne3 Ne7 18. Bh2 Bg6 19. d4 exd4 (19... d5 $16) 20. Qxd4 (20. Nxd4 $18 Bh5 21. g4) 20... Ne8 (20... Nc8 $16 {was necessary.}) 21. Ng4 $18 Kh7 22. h4 Bb6 $2 (22... Qc8) 23. Qd2 f6 24. Rad1 (24. hxg5 $142 hxg5 25. Rad1) 24... Qd7 $2 (24... h5) 25. Ne3 (25. Nxh6 $142 Kxh6 26. e5 Bxc2 27. exf6 (27. Qxc2 g4 $11)) 25... Rd8 26. Nc4 Bc7 $2 {[#]} (26... Bc5 27. Nxa5 Qc8) 27. h5 $1 {[%mdl 512] White is clearly winning.} Bxh5 28. e5+ {[%mdl 64] Discovered Attack} Ng6 {intending ...Bxf3.} 29. exd6 Nxd6 30. Bxd6 Rfe8 31. Bxc7 {[%mdl 64] [#] Overworked Piece} Qxc7 32. Rxe8 Rxd2 33. Rxd2 Bxf3 34. gxf3 Kg7 35. Rdd8 {Rg8+ would kill now.} Ne7 36. Nd6 {Accuracy: White = 72%, Black = 37%.} 1-0

[Event "Estonian-ch Open 2020"]
[Site "Paul Kerese Malemaja"]
[Date "2020.08.09"]
[Round "2.3"]
[White "Kanep, Meelis"]
[Black "Chukavin, Kirill"]
[Result "1/2-1/2"]
[WhiteElo "2465"]
[BlackElo "2348"]
[Annotator "TA"]
[PlyCount "118"]
[EventDate "2020.08.09"]
[EventCountry "EST"]
[SourceTitle "playchess.com"]
[Source "ChessBase"]
[SourceQuality "1"]

{[%evp 19,118,0,0,0,0,0,31,16,18,28,106,62,59,38,260,182,251,203,244,127,146,134,158,153,156,154,149,156,141,132,149,100,101,100,100,59,59,59,59,59,59,59,59,59,75,56,59,47,59,36,68,45,54,33,47,57,52,36,65,45,53,34,35,36,37,36,36,36,40,35,35,36,36,36,60,60,45,36,47,47,54,43,44,54,63,54,63,62,63,36,36,36,36,36,36,36,42,0,0,0,0]} 1. Nf3 d5 2. d4 Nf6 3. c4 e6 4. Nc3 c6 5. Bg5 h6 6. Bh4 dxc4 7. e4 g5 8. Bg3 b5 9. Be2 Bb7 10. O-O Nbd7 11. Ne5 {D43: Semi-Slav: 5 Bg5 h6.} Nxe5 12. Bxe5 Rg8 13. Qc2 {White is slightly better.} Nd7 14. Bg3 $1 Qb6 {[#]} (14... g4 $11 {remains equal.}) 15. d5 $146 ({Predecessor:} 15. a4 a6 16. d5 Bc5 17. dxe6 fxe6 18. Bh5+ Ke7 19. a5 Qa7 20. e5 Rg7 21. Rad1 {0-1 (40) Askin,M (2037)-O'Connor,D (1851) San Francisco 2016}) 15... cxd5 16. exd5 O-O-O $2 {[#]} (16... Bxd5 $14 17. a4 (17. Nxd5 exd5 18. a4 Bc5 $11) 17... Bb4) 17. a4 {aiming for dxe6.} e5 (17... exd5 {was necessary.} 18. Rad1 Nf6) 18. axb5 Qg6 19. Qxg6 (19. Qa4 $18) 19... Rxg6 $16 {[#]} 20. Bg4 $1 {Strongly threatening Bxe5.} ({Much less strong is} 20. Rxa7 $6 f5 $14) 20... Kb8 21. Bxd7 Rxd7 22. Bxe5+ Kc8 23. Rxa7 Bc5 24. Ra4 Bxd5 25. Nxd5 Rxd5 26. Rxc4 {Hoping for b4.} Kb7 27. Rfc1 Bxf2+ $1 28. Kxf2 Rxe5 $14 {[%mdl 4096] Endgame KRR-KRR} 29. Rc7+ Kb6 30. Rxf7 Rxb5 31. Rc2 Re6 32. Rf3 h5 33. Re3 Rf6+ 34. Ke2 Ka5 35. Ra3+ Kb6 36. Rac3 Re5+ 37. Re3 Rb5 38. Rd2 Ka5 39. Ra3+ Kb6 40. Kd1 Rf1+ 41. Kc2 Rbf5 42. Rb3+ Kc6 43. Rc3+ Kb6 44. Kb3 Rb5+ 45. Ka2 Ra5+ 46. Ra3 Raf5 47. Rb3+ Ka6 48. Rb4 R1f2 49. Rbd4 g4 50. Kb3 Kb6 51. Kc3 Rf1 52. Rd6+ Kc7 53. Rd7+ Kc8 54. R7d5 (54. R7d4 {looks sharper.} Rc1+ 55. Kb4 Kb7 56. g3 Rcc5 57. Rd7+) 54... Rxd5 $1 55. Rxd5 h4 56. Rd2 Kb7 57. Kd4 Re1 58. Kd3 Rh1 59. g3 hxg3 {Black defended with fortune. Accuracy: White = 80%, Black = 76%.} 1/2-1/2

[Event "Estonian-ch Open 2020"]
[Site "Paul Kerese Malemaja"]
[Date "2020.08.09"]
[Round "2.4"]
[White "Vorobjov, Pavel"]
[Black "Seeman, Tarvo"]
[Result "1-0"]
[WhiteElo "2269"]
[BlackElo "2415"]
[Annotator "TA"]
[PlyCount "85"]
[EventDate "2020.08.09"]
[EventCountry "EST"]
[SourceTitle "playchess.com"]
[Source "ChessBase"]
[SourceQuality "1"]

{[%evp 17,85,29,30,14,28,19,15,8,2,-85,-58,-75,-31,-25,-25,-79,-14,-64,-48,-108,-63,-145,-141,-154,-147,-203,-200,-219,-177,-189,-73,-105,18,15,16,16,29,0,8,8,8,4,230,250,214,242,291,271,277,258,285,189,605,243,416,408,338,408,428,417,654,664,942,940,950,900,1091,1075,1206,1202]} 1. d4 Nf6 2. c4 g6 3. Nc3 Bg7 4. e4 d6 5. Nf3 O-O 6. h3 Na6 7. Be3 e5 8. d5 Nh5 9. Nd2 {9.g3 gains popularity.} Qe8 10. g3 {E90: King's Indian: Classical: Early deviations and 6 h3.} f5 $1 {[%cal Rf5f4]} 11. exf5 $1 gxf5 {And now ...f4 would win.} 12. Be2 {The position is equal.} Nf6 13. Bg5 {[#]} (13. Rg1 $11) 13... Bd7 $146 ({Predecessor:} 13... c6 14. a3 Kh8 15. g4 Nc7 16. Bxf6 Bxf6 17. gxf5 cxd5 18. cxd5 Bxf5 19. Nc4 Qe7 {0-1 (45) Bernard,I (2167)-Falcon,B (2331) Buenos Aires 2019}) 14. Qc2 Nb4 (14... Qg6 $5 {[%cal Rg6g5]} 15. h4 h6 16. Bxf6 Qxf6 $15) 15. Qb3 a5 16. O-O-O (16. a3 $11 {remains equal.} Na6 17. O-O-O (17. Qxb7 Qg6 $17)) 16... Kh8 (16... c5 $17) 17. Rhe1 Qg6 18. f4 ({White should try} 18. h4 $15) 18... b6 19. Nf3 ({Better is} 19. a3 $15 Na6 20. Kb1) 19... Ne4 $17 20. Nh4 Qe8 $1 21. Nxe4 (21. Nb5 $17 {was called for.} Nc5 22. Qa3 Bxb5 23. cxb5) 21... Ba4 $1 $19 {[%cal Ra4b3]} 22. Qa3 {Threatens to win with Nc3.} Bxd1 23. Rxd1 exf4 (23... fxe4 $19 {has better winning chances.} 24. f5 c6) 24. Nc3 $17 Qe3+ (24... fxg3 $17 25. Bf4 Be5 26. Bxe5+ Qxe5) 25. Kb1 $11 Qxg3 26. Nf3 $36 {[%mdl 2048] White fights for an advantage.} Rae8 {White must now prevent ...Re3.} 27. Qb3 (27. Rg1 $5 {[%cal Rg1g3]} Qf2 28. Bh4 $14) 27... Re3 {Hoping for ...Rfe8.} 28. Rg1 $1 {[%cal Rg1g3]} Qxh3 {...Rfe8 is the strong threat.} 29. Qd1 Rfe8 $2 (29... Bxc3 $6 30. bxc3 Nd3 31. Bxf4 $16) (29... Nd3 $1 $11 30. Bxd3 Qxf3) 30. Bxf4 $18 Rxe2 31. Rg3 Rxb2+ 32. Kxb2 Qh5 33. Qd2 $1 Qh1 34. Nd4 Re1 $2 {[#]} (34... Qf1) 35. a3 (35. Rxg7 $142 $1 {[%mdl 512]} Kxg7 {[#]} 36. Bh6+ $1 {[%mdl 512]} Kf7 37. Qg5) 35... Qf1 $2 (35... Bf6 {might work better.} 36. Re3 (36. axb4 axb4 37. Ncb5 Rb1+ 38. Ka2 Ra1+ 39. Kb3 Qb1+ 40. Qb2 Bxd4 $16) (36. Kb3 Na6 $16) 36... Rxe3 37. Bxe3 (37. Qxe3 Qg2+ 38. Kc1 Na6 $18) 37... Na6) 36. Rf3 ({Less strong is} 36. axb4 axb4 37. Rxg7 Kxg7 $16) 36... Rb1+ 37. Nxb1 Qxf3 38. axb4 axb4 (38... Qe4 $142 39. Be3 (39. bxa5 Qxd4+ 40. Qxd4 Bxd4+ 41. Kb3 bxa5 $16) 39... axb4) 39. Qe3 {White is clearly winning.} Qh5 40. Nd2 h6 41. Kc2 Kh7 42. Qe7 Kg8 43. Qe6+ {What a bad dream for Black. Accuracy: White = 66%, Black = 35%.} 1-0

[Event "Estonian-ch Open 2020"]
[Site "Paul Kerese Malemaja"]
[Date "2020.08.09"]
[Round "2.5"]
[White "Haitin, Ilja"]
[Black "Shishkov, Andrei"]
[Result "0-1"]
[WhiteElo "2357"]
[BlackElo "2390"]
[Annotator "RC"]
[PlyCount "92"]
[EventDate "2020.08.09"]
[EventCountry "EST"]
[SourceTitle "playchess.com"]
[Source "ChessBase"]
[SourceQuality "1"]
[TimeControl "40/5400+30:900+30"]

1. d4 {[%emt 0:00:00]} d5 {[%emt 0:00:15]} 2. Bf4 {[%emt 0:00:00]} e6 {[%emt 0:00:08]} 3. e3 {[%emt 0:00:00]} c5 {[%emt 0:00:05]} 4. c3 {[%emt 0:00:13]} Nc6 {[%emt 0:00:06]} 5. Nf3 {[%emt 0:01:20]} Nf6 {[%emt 0:01:17]} 6. Nbd2 {[%emt 0:00:24]} Bd6 {[%emt 0:00:11]} 7. Bg3 {[%emt 0:00:14]} O-O {[%emt 0:00:08]} 8. Bb5 {[%emt 0:04:59]} Be7 {[%emt 0:00:39]} 9. Bd3 {[%emt 0:09:32]} b6 {[%emt 0:05:29]} 10. Ne5 {[%emt 0:02:17]} Bb7 {[%emt 0:12:58]} 11. Qb1 {[%emt 0:05:14]} g6 {[%emt 0:01:50]} 12. f4 {[%emt 0:01:33]} Nh5 {[%emt 0:06:43]} 13. Ndf3 {[%emt 0:03:06]} f6 {[%emt 0:16:15]} 14. Nxc6 {[%emt 0:16:37]} Bxc6 {[%emt 0:00:14]} 15. Bf2 {[%emt 0:01:27]} cxd4 {[%emt 0:03:06]} 16. cxd4 {[%emt 0:03:20]} Bb4+ {[%emt 0:02:00]} 17. Ke2 {[%emt 0:00:39]} Qe8 {[%emt 0:03:30]} 18. g4 {[%emt 0:10:55]} Ng7 {[%emt 0:02:24]} 19. Bg3 {[%emt 0:02:02]} Bb5 {[%emt 0:04:46]} 20. Bxb5 {[%emt 0:00:36]} Qxb5+ {[%emt 0:00:04]} 21. Qd3 {[%emt 0:00:14]} Qd7 {[%emt 0:02:36]} 22. h3 {[%emt 0:01:54]} Bd6 {[%emt 0:03:31]} 23. Kf2 {[%emt 0:06:28]} Rac8 {[%emt 0:01:34]} 24. Rhc1 {[%emt 0:08:56]} Rc7 {[%emt 0:01:05]} 25. Qd2 {[%emt 0:10:05]} Rfc8 {[%emt 0:01:44]} 26. Ng1 {[%emt 0:02:32]} Ne8 {[%emt 0:04:22]} 27. Ne2 {[%emt 0:01:20]} f5 {[%emt 0:01:23]} 28. Bh4 {[%emt 0:04:39]} fxg4 {[%emt 0:03:27]} 29. hxg4 {[%emt 0:00:30]} Be7 {[%emt 0:00:05]} 30. Bxe7 {[%emt 0:01:07]} Qxe7 {[%emt 0:00:05]} 31. g5 {[%emt 0:01:06]} Nd6 {[%emt 0:00:43]} 32. Ng3 {[%emt 0:00:20]} h5 {[%emt 0:03:43]} 33. Rxc7 {[%emt 0:02:18]} Qxc7 {[%emt 0:00:24]} 34. Qb4 {[%emt 0:00:25]} a5 {[%emt 0:06:53]} 35. Qa3 {[%emt 0:00:08]} h4 {[%emt 0:09:24]} 36. Ne2 {[%emt 0:00:08]} Ne4+ {[%emt 0:00:04]} 37. Kf3 {[%emt 0:01:03]} Qh7 {[%emt 0:00:11]} 38. Qd3 {[%emt 0:00:48]} Qh5+ {[%emt 0:04:02]} 39. Kg2 {[%emt 0:00:00]} Kg7 {[%emt 0:00:57]} 40. Rg1 {[%emt 0:00:00]} Qg4+ {[%emt 0:00:00]} 41. Kh2 {[%emt 0:01:51]} Qf3 {[%emt 0:04:21]} 42. Qb5 {[%emt 0:02:38]} Rf8 {[%emt 0:02:16]} 43. f5 {[%emt 0:03:30]} Rxf5 {[%emt 0:02:01]} 44. Nf4 {[%emt 0:00:47]} Rxf4 {[%emt 0:02:41]} 45. exf4 {[%emt 0:00:31]} Qxf4+ {[%emt 0:00:54]} 46. Kh3 {[%emt 0:01:22]} Nxg5+ {[%emt 0:00:37]} 0-1